000
00249nam a2200109Ia 4500
008
190216s9999||||xx |||||||||||||| ||und||
100
_a
Cecil Gillespie
245
0
_a
Standard And Direct Costing
260
_b
Null
_c
1970
300
_a
377p
942
_c
BK
999
_c
3985
_d
3985